[Event "Druzynowe Mistrzostwa Polski Juniorow - II liga"]
[Site "Sypniewo k. Jastowia"]
[Date "2024-06-17"]
[Round "3.84"]
[White "Dudek, Julia"]
[Black "Bastrzyk, Kinga"]
[Result "0-1"]
[WhiteTitle "II"]
[BlackTitle "I"]
[WhiteElo "1408"]
[BlackElo "1519"]

1. e4 c5 2. Nc3 Nc6 3. f4 e6 4. Nf3 g6 5. a4 Bg7 6. Bb5 Nge7 7. O-O O-O 8. d3 d6
9. Qe1 a6 10. Bxc6 Nxc6 11. Qg3 Nd4 12. Nxd4 cxd4 13. Nd1 Qc7 14. Rf2 f5 15. exf5
Rxf5 16. Re2 Rc5 17. Qf2 a5 18. b3 Bd7 19. Ba3 Rf5 20. Nb2 e5 21. Nc4 Rxf4 22.
Qe1 Bf8 23. Rc1 b5 24. axb5 Bxb5 25. Rb1 Bxc4 26. bxc4 Be7 27. Re4 Rff8 28. Qd2
Rab8 29. Ree1 Rxb1 30. Rxb1 Rb8 31. Rxb8+ Qxb8 32. Kf2 Qf8+ 33. Kg1 Bd8 34. Qe1
Bc7 35. Qe4 Kg7 36. Qg4 Qf5 37. Qxf5 gxf5 38. Kf2 Kf6 39. Kf3 Ke6 40. h3 d5 41.
cxd5+ Kxd5 42. g4 e4+ 43. Ke2 fxg4 44. hxg4 e3 45. Bb2 Be5 46. Kf3 a4 47. Ke2
Bd6 48. c3 a3 49. Ba1 dxc3 50. Kxe3 Be5 51. d4 Bxd4+ 52. Kd3 c2 53. Kxc2 Bxa1
54. Kb3 Bb2 55. Ka2 Ke5 56. Kb3 Kf4 57. Ka2 Kxg4 58. Kb1 h5 59. Kc2 h4 60. Kb1
h3 61. Ka2 h2 62. Kb1 h1=Q+ 63. Kc2 Qc1+ 64. Kb3 Bh8 65. Ka4 Qb2 66. Ka5 a2 67.
Ka4 a1=R# 0-1

[Event "Druzynowe Mistrzostwa Polski Juniorow - II liga"]
[Site "Sypniewo k. Jastowia"]
[Date "2024-06-17"]
[Round "3.85"]
[White "Marchewka, Kajetan"]
[Black "Semenowicz, Julian"]
[Result "0-1"]
[WhiteTitle "II+"]
[BlackTitle "II"]
[WhiteElo "1743"]
[BlackElo "1632"]

1. e4 e6 2. d4 d5 3. e5 c5 4. c3 Nc6 5. Nf3 Qb6 6. a3 cxd4 7. cxd4 Nge7 8. Nc3
Nf5 9. Na4 Qc7 10. g4 Nfe7 11. b4 a6 12. Bb2 Ng6 13. h4 h5 14. gxh5 Rxh5 15. Bd3
Nf4 16. Bc2 f5 17. Bc1 Nxd4 18. Nxd4 Qxe5+ 19. Be3 Ng2+ 20. Kf1 Nxe3+ 21. fxe3
Rh6 22. Nb6 f4 23. exf4 Qxf4+ 24. Ke2 e5 25. Ba4+ Kd8 26. Nxc8 Qe4+ 27. Kf2 exd4
28. Re1 Qxh4+ 29. Ke2 Qe4+ 30. Kd2 Rh2+ 31. Qe2 Qe3+ 32. Kd1 Rxe2 33. Rxe2 Qd3+
0-1

[Event "Druzynowe Mistrzostwa Polski Juniorow - II liga"]
[Site "Sypniewo k. Jastowia"]
[Date "2024-06-17"]
[Round "3.86"]
[White "Rygiel, Kacper"]
[Black "Jozwiak, Oliwier"]
[Result "1-0"]
[WhiteTitle "II"]
[BlackTitle "II"]
[WhiteElo "1563"]
[BlackElo "1669"]

1. c4 e5 2. Nc3 Nf6 3. g3 d5 4. cxd5 Nxd5 5. Bg2 Nb6 6. e3 Be7 7. Nge2 O-O 8. O-O
c6 9. h3 Re8 10. d4 exd4 11. Nxd4 Bf8 12. b3 g6 13. Bb2 N8d7 14. Qc2 c5 15. Nde2
Bg7 16. Rad1 a6 17. Rd2 Qc7 18. Nf4 Nf6 19. Rc1 Bf5 20. Qd1 Rad8 21. Qe1 Rxd2
22. Qxd2 Rd8 23. Qe2 g5 24. Nh5 Nxh5 25. Qxh5 Bg6 26. Qxg5 Rd2 27. Ba1 Nd7 28.
Nd5 Qd6 29. Qd8+ Bf8 30. Qxd7 1-0

[Event "Druzynowe Mistrzostwa Polski Juniorow - II liga"]
[Site "Sypniewo k. Jastowia"]
[Date "2024-06-17"]
[Round "3.87"]
[White "Chmielnicki, Michal"]
[Black "Owczarek, Marcin"]
[Result "0-1"]
[WhiteTitle "II"]
[BlackTitle "II"]
[WhiteElo "1506"]
[BlackElo "1690"]

1. e4 c5 2. Nf3 e6 3. d4 cxd4 4. Nxd4 a6 5. Nc3 Qc7 6. Be3 Nf6 7. Be2 Bb4 8. Qd3
Nxe4 9. Bd2 Nxd2 10. Qxd2 Nc6 11. O-O O-O 12. Rad1 d5 13. Nxc6 Bxc3 14. Qxc3 Qxc6
15. Qd3 b6 16. Bf3 Ra7 17. Rfe1 Rc7 18. c3 Qc4 19. Qxc4 Rxc4 20. Rd4 Rc5 21. h3
Bd7 22. Red1 Rfc8 23. Bg4 R8c7 24. f4 g6 25. h4 Kg7 26. Kf2 a5 27. R1d2 b5 28.
a3 Rc4 29. Be2 Rxd4 30. Rxd4 f6 31. Kg3 Bc6 32. Rd1 e5 33. Bf3 e4 34. Bg4 f5 35.
Be2 h6 36. h5 g5 37. Rd4 Kf6 38. Rd1 Rg7 39. c4 bxc4 40. Bxc4 gxf4+ 41. Kxf4 Rg4+
42. Ke3 Rxg2 43. Bxd5 Ke5 44. Bxe4 Bxe4 45. Rf1 f4+ 46. Rxf4 Rg3+ 47. Ke2 Kxf4
48. a4 Rg2+ 49. Kd1 Bf3+ 50. Ke1 Bxh5 51. b4 Re2+ 52. Kd1 axb4 53. a5 Ra2+ 54.
Ke1 b3 0-1

[Event "Druzynowe Mistrzostwa Polski Juniorow - II liga"]
[Site "Sypniewo k. Jastowia"]
[Date "2024-06-17"]
[Round "3.88"]
[White "Slys, Jan"]
[Black "Wasilewski, Dawid"]
[Result "1-0"]
[WhiteTitle "II"]
[BlackTitle "II"]
[WhiteElo "1625"]
[BlackElo "1448"]

1. Nf3 Nc6 2. d4 d5 3. c4 e6 4. Nc3 Nf6 5. Bg5 Be7 6. e3 O-O 7. Be2 h6 8. Bh4 Re8
9. O-O dxc4 10. Bxc4 Nh7 11. Bg3 Bd6 12. Ne5 Nxe5 13. dxe5 Be7 14. Qb3 Bf8 15.
Rfd1 Qg5 16. f4 Qe7 17. Rac1 Qc5 18. Na4 Qe7 19. Qd3 a6 20. Bb3 b5 21. Nc5 c6
22. Ne4 Qc7 23. Bc2 g6 24. Nf6+ Nxf6 25. exf6 Bb7 26. f5 Qd8 27. Qc3 b4 28. Qe5
Qb8 29. Qxb8 Raxb8 30. Bxb8 Rxb8 31. fxg6 Bc5 32. Kf2 fxg6 33. Bxg6 Rf8 34. f7+
Kg7 35. Bh5 Bb6 36. Rd7 Bc8 37. Re7 e5 38. Rxc6 Bd8 39. Re8 Bd7 40. Rxf8 Kxf8
41. Rd6 Bh4+ 42. g3 b3 43. axb3 Be7 44. Rxd7 Bf6 45. Ra7 Bg7 46. Kf3 e4+ 47. Kxe4
a5 48. Kf5 a4 49. Ke6 Bd4 50. Ra8+ Kg7 51. f8=Q+ Kh7 52. Qg8# 1-0

[Event "Druzynowe Mistrzostwa Polski Juniorow - II liga"]
[Site "Sypniewo k. Jastowia"]
[Date "2024-06-17"]
[Round "3.89"]
[White "Dushnitska, Yuliia"]
[Black "Kucia, Kinga"]
[Result "0-1"]
[WhiteTitle "II+"]
[BlackTitle "I"]
[WhiteElo "1455"]
[BlackElo "1550"]

1. f4 d5 2. Nf3 Bg4 3. e3 Nf6 4. Be2 e6 5. O-O c5 6. d3 Nc6 7. c3 Be7 8. Qe1 Bf5
9. Nh4 Ng4 10. Nxf5 exf5 11. e4 g6 12. a3 h5 13. exf5 gxf5 14. b4 cxb4 15. axb4
Qb6+ 16. Kh1 O-O-O 17. h3 Rde8 18. Na3 Bd6 19. d4 Nf6 20. Bb2 Ne4 21. Kg1 h4 22.
Qd1 Ng3 23. Re1 Bxf4 24. Bf3 Be3+ 25. Rxe3 Rxe3 26. Nc2 Re7 27. Bxd5 Rhe8 28.
Bc1 Ne2+ 29. Kh1 Nxc3 30. Qf3 Nxd5 31. Qxd5 Rd7 32. Qc5 Qxc5 33. dxc5 Rd1+ 34.
Kh2 Re2 35. Ne3 Rxe3 36. Bxe3 Rxa1 37. b5 Ne5 38. Bd4 Nd3 39. Bxa1 Nxc5 40. Bd4
b6 41. Bf6 Na4 42. g3 hxg3+ 43. Kxg3 Nc5 44. Kf4 Ne4 45. Kxf5 Nd6+ 46. Kg5 Nxb5
47. Be5 Kd7 48. Kf6 Na3 49. h4 Nc4 50. Bd4 Ke8 51. Kg7 Nd6 52. h5 Nf5+ 53. Kg8
Nxd4 54. h6 Nf5 55. h7 Ne7+ 56. Kg7 Ng6 0-1

[Event "Druzynowe Mistrzostwa Polski Juniorow - II liga"]
[Site "Sypniewo k. Jastowia"]
[Date "2024-06-17"]
[Round "3.90"]
[White "Uliasz, Lena"]
[Black "Kalata, Julia"]
[Result "0-1"]
[WhiteTitle "II+"]
[BlackTitle "I"]
[WhiteElo "1599"]
[BlackElo "1482"]

1. e4 e5 2. Nf3 Nc6 3. Bc4 Bc5 4. d3 Nf6 5. Nc3 d6 6. h3 Be6 7. Bb3 Qd7 8. Bxe6
fxe6 9. Na4 Bb6 10. Nxb6 axb6 11. c3 O-O-O 12. Qa4 Kb8 13. Be3 Nh5 14. O-O-O Rdf8
15. d4 exd4 16. Nxd4 e5 17. Nxc6+ bxc6 18. Rd2 Nf4 19. Bxf4 Rxf4 20. f3 Kb7 21.
Rhd1 h5 22. Qb3 g5 23. c4 c5 24. Qd3 Qe6 25. g3 Rf6 26. Rh2 Rhf8 27. Rf1 g4 28.
hxg4 hxg4 29. f4 exf4 30. Rxf4 Rxf4 31. gxf4 Rxf4 32. Re2 Rf6 33. b3 Qe5 34. Qd5+
Qxd5 35. exd5 g3 36. Rg2 Rg6 37. Kd2 Ka6 38. a3 b5 39. Kc3 bxc4 40. Kxc4 Rg4+
41. Kc3 Kb6 42. b4 cxb4+ 43. axb4 Kb5 44. Rg1 g2 45. Kd3 Kxb4 46. Rb1+ Kc5 47.
Rc1+ Kxd5 48. Rg1 c5 49. Kc3 Ke4 50. Re1+ Kf3 51. Kd3 g1=Q 52. Rxg1 Rxg1 53. Kc4
Rd1 54. Kc3 d5 55. Kc2 Re1 56. Kc3 Re8 57. Kd3 c4+ 58. Kd2 d4 59. Kd1 Re2 60.
Kc1 d3 0-1

[Event "Druzynowe Mistrzostwa Polski Juniorow - II liga"]
[Site "Sypniewo k. Jastowia"]
[Date "2024-06-17"]
[Round "3.91"]
[White "Serewa, Antoni"]
[Black "Niesporek, Franciszek"]
[Result "1-0"]
[WhiteTitle "I"]
[BlackTitle "I"]
[WhiteElo "1890"]
[BlackElo "1782"]

1. d4 g6 2. c4 Bg7 3. Nc3 c5 4. Nf3 cxd4 5. Nxd4 Nc6 6. Nc2 Nf6 7. e4 d6 8. Be2
O-O 9. O-O Bd7 10. Be3 a6 11. f3 Rc8 12. Qd2 Ne5 13. b3 Re8 14. Rac1 Qa5 15. Nd4
Nc6 16. Rfd1 Nxd4 17. Bxd4 Bc6 18. Qe3 Nd7 19. Bxg7 Kxg7 20. Qd2 Nf6 21. Qb2 b5
22. Kh1 Kg8 23. a3 bxc4 24. Bxc4 Bb5 25. b4 Qb6 26. Ba2 Bc4 27. Bxc4 Rxc4 28.
Nd5 Nxd5 29. Rxc4 Ne3 30. Qd4 Qxd4 31. Rdxd4 Nxc4 32. Rxc4 Rb8 33. Kg1 Kg7 34.
Kf2 Kf6 35. Ke3 Ke6 36. Kd4 Kd7 37. a4 h5 38. h4 Rb7 39. Kc3 Rb8 40. Kb3 Rb7 41.
Rc2 Rb8 42. Rb2 Kc6 43. Kc4 Rb7 44. g4 e6 45. gxh5 gxh5 46. Rg2 d5+ 47. exd5+
exd5+ 48. Kc3 Re7 49. Kd3 Rb7 50. Rb2 Rb8 51. Kd4 f6 52. b5+ axb5 53. axb5+ Kb6
54. Kxd5 Re8 55. Rb4 Re5+ 56. Kd6 Re1 57. Rf4 Kxb5 58. Rf5+ Kc4 59. Rxh5 Rh1 60.
Ke6 Kd4 61. f4 Ke4 62. f5 Kf4 63. Kxf6 Kg4 64. Rh8 Ra1 65. Kg6 Kf4 66. f6 Rg1+
67. Kf7 Ra1 68. Kg7 Rg1+ 69. Kf8 Kf5 70. f7 Rg2 71. Rg8 Rh2 72. Kg7 1-0

[Event "Druzynowe Mistrzostwa Polski Juniorow - II liga"]
[Site "Sypniewo k. Jastowia"]
[Date "2024-06-17"]
[Round "3.92"]
[White "Zimny, Karol"]
[Black "Rzenca, Jerzy"]
[Result "1/2-1/2"]
[WhiteTitle "II"]
[BlackTitle "I"]
[WhiteElo "1725"]
[BlackElo "1875"]

1. d4 d5 2. c4 e6 3. Nc3 Be7 4. Nf3 Nf6 5. Bg5 h6 6. Bxf6 Bxf6 7. e3 O-O 8. Be2
b6 9. cxd5 exd5 10. O-O Be6 11. Rc1 c6 12. a3 Qd6 13. Qd2 Rd8 14. Rfd1 Nd7 15.
e4 dxe4 16. Nxe4 Qc7 17. d5 Bf5 18. Rxc6 Qb8 19. Nxf6+ Nxf6 20. d6 Be4 21. Rcc1
Bd5 22. Bc4 Rxd6 23. Qf4 Rd8 24. Qxb8 Raxb8 25. Bxd5 Rxd5 26. Rxd5 Nxd5 27. g3
Re8 28. Kf1 Kf8 29. Rd1 Nf6 30. Rc1 Nd5 31. Rd1 1/2-1/2

[Event "Druzynowe Mistrzostwa Polski Juniorow - II liga"]
[Site "Sypniewo k. Jastowia"]
[Date "2024-06-17"]
[Round "3.93"]
[White "Ozog, Bartosz"]
[Black "Lassak, Franciszek"]
[Result "1/2-1/2"]
[WhiteTitle "I"]
[BlackTitle "II"]
[WhiteElo "1747"]
[BlackElo "1533"]

1. d4 g6 2. Bg5 Bg7 3. c3 Nf6 4. Bxf6 Bxf6 5. Nf3 d5 6. e3 e6 7. Bd3 Nd7 8. Nbd2
c5 9. Qe2 a6 10. h3 c4 11. Bc2 b5 12. e4 O-O 13. e5 Bg7 14. O-O f5 15. exf6 Nxf6
16. Ne5 Nh5 17. g3 Bxe5 18. Qxe5 Qf6 19. Qxf6 Nxf6 20. Kg2 a5 21. Nf3 Nd7 22.
Rfe1 Re8 23. Re2 Ra6 24. Rae1 Kg7 25. g4 Nf8 26. Kg3 Bd7 27. Ne5 Re7 28. f4 Be8
29. g5 h5 30. gxh6+ Kxh6 31. Ng4+ Kg7 32. f5 gxf5 33. Bxf5 Bg6 34. Bxg6 Nxg6 35.
h4 b4 36. h5 Nh8 37. Ne3 Kh7 38. Kh4 Rg7 39. Ng4 Nf7 40. Rxe6 Rxe6 41. Rxe6 Ng5
42. Nf6+ Kh6 43. Ng4+ Kh7 44. Rh6+ Kg8 45. Rg6 Rxg6 46. hxg6 bxc3 47. bxc3 Ne4
48. Kh5 Kg7 49. Nh6 Nf6+ 50. Kg5 Ne4+ 51. Kh5 Nf6+ 1/2-1/2

[Event "Druzynowe Mistrzostwa Polski Juniorow - II liga"]
[Site "Sypniewo k. Jastowia"]
[Date "2024-06-17"]
[Round "4.1"]
[White "Kusiak, Mateusz"]
[Black "Lechowski, Witold"]
[Result "1-0"]
[WhiteTitle "k"]
[BlackTitle "I+"]
[WhiteElo "2120"]
[BlackElo "2014"]

1. d4 Nf6 2. c4 g6 3. Nf3 Bg7 4. g3 c6 5. Bg2 O-O 6. O-O d5 7. Ne5 Nbd7 8. Nc3
Nxe5 9. dxe5 Ng4 10. cxd5 cxd5 11. Nxd5 Nxe5 12. Bg5 Nc6 13. Rc1 f6 14. Bd2 Be6
15. e4 Rc8 16. Qa4 Bf7 17. Rfd1 e6 18. Nc3 Qe7 19. Be3 Rfd8 20. Rxd8+ Rxd8 21.
e5 Nxe5 22. Qxa7 Nd3 23. Rb1 f5 24. Na4 e5 25. Bxb7 f4 26. Bb6 Rf8 27. Be4 Qxa7
28. Bxa7 Bxa2 29. Ra1 Bc4 30. Nb6 Nc5 31. Bxg6 Be6 32. Bc2 e4 33. Na4 1-0

[Event "Druzynowe Mistrzostwa Polski Juniorow - II liga"]
[Site "Sypniewo k. Jastowia"]
[Date "2024-06-17"]
[Round "4.2"]
[White "Czak, Dominik"]
[Black "Zieba, Hubert"]
[Result "1/2-1/2"]
[WhiteTitle "I"]
[BlackTitle "I+"]
[WhiteElo "1739"]
[BlackElo "2012"]

1. d4 Nf6 2. Nf3 d5 3. c4 e6 4. Nc3 Be7 5. e3 O-O 6. Be2 dxc4 7. Bxc4 a6 8. a4
c5 9. O-O Nc6 10. dxc5 Bxc5 11. e4 h6 12. h3 Qc7 13. Qe2 Nd4 14. Nxd4 Bxd4 15.
Bd2 Bd7 16. Rfc1 Rac8 17. Bd3 Qd6 18. Be3 Bxc3 19. bxc3 Bc6 20. Rd1 e5 21. f3
Qe7 22. c4 Nd7 23. Qf2 Rfd8 24. c5 Nf8 25. Bc2 Ne6 26. Bb3 Be8 27. Bxe6 Qxe6 28.
Rxd8 Rxd8 29. Qb2 Rd3 30. Bf2 Bc6 31. Kh2 Kh7 32. Qc2 Qd7 33. Ra2 f5 34. exf5
Qxf5 35. Bg3 e4 36. fxe4 Qxe4 37. a5 Qg6 38. Qf2 Rc3 39. Bc7 Rc1 40. Rb2 Qd3 41.
Bb6 Rf1 42. Qc2 Qxc2 43. Rxc2 Kg6 44. Kg3 Ra1 45. Rd2 Kf5 46. Kf2 Kf4 47. Rd4+
Ke5 48. Rd2 g5 49. Kg3 h5 50. Re2+ Be4 51. Rd2 Ra3+ 52. Kf2 Kf5 53. Rb2 g4 54.
hxg4+ hxg4 55. Bc7 g3+ 56. Bxg3 Rxa5 57. Bd6 Bd5 58. Ke3 Ke6 59. g3 Ra4 60. Kd3
a5 61. Kc3 Rc4+ 62. Kd3 a4 63. Re2+ Kd7 64. Bf8 Kc6 65. Rc2 Rg4 66. Rb2 a3 67.
Rb6+ Kc7 68. Bd6+ Kd7 69. Be5 Kc8 70. Rd6 Bc6 71. Kc3 Re4 72. Bd4 a2 73. Kb2 Re2+
74. Ka3 Rd2 75. Bb2 Rxd6 76. cxd6 Bd5 77. Be5 Kd7 78. Kb2 Ke6 79. Bf4 b5 80. Ka1
b4 1/2-1/2

[Event "Druzynowe Mistrzostwa Polski Juniorow - II liga"]
[Site "Sypniewo k. Jastowia"]
[Date "2024-06-17"]
[Round "4.3"]
[White "Futyma, Dawid"]
[Black "Pelczarski, Wojciech"]
[Result "1-0"]
[WhiteTitle "I"]
[BlackTitle "II+"]
[WhiteElo "1866"]
[BlackElo "1663"]

1. d4 d5 2. Bf4 Nf6 3. e3 e6 4. Nf3 Bd6 5. Bxd6 Qxd6 6. c3 Nbd7 7. Bd3 O-O 8. Nbd2
c6 9. O-O e5 10. dxe5 Nxe5 11. Nxe5 Qxe5 12. Nf3 Qc7 13. Qc2 h6 14. Rfe1 Re8 15.
h3 Be6 16. Nd4 Rad8 17. Nxe6 Rxe6 18. Rad1 Rde8 19. Re2 b5 20. b3 Qe7 21. Rde1
a6 22. Bf5 Rd6 23. e4 dxe4 24. Bxe4 Re6 25. Bf3 Qd6 26. Rxe6 Rxe6 27. Rd1 Qc7
28. Qd3 Nd7 29. Bg4 Nf8 30. Bxe6 Nxe6 31. Qd7 Qf4 32. Qxc6 Qg5 33. Qxa6 h5 34.
Qa8+ Kh7 35. Qe4+ g6 36. Qd5 Qf6 37. Qf3 Qe7 38. a4 Ng5 39. Qe3 Qf6 40. axb5 Ne6
41. b6 Nf4 42. b7 Qg5 43. Qf3 Qe5 44. g3 1-0

[Event "Druzynowe Mistrzostwa Polski Juniorow - II liga"]
[Site "Sypniewo k. Jastowia"]
[Date "2024-06-17"]
[Round "4.4"]
[White "Krawczyk, Eryk"]
[Black "Panasiuk, Stanislaw"]
[Result "1-0"]
[WhiteTitle "II"]
[BlackTitle "II"]
[WhiteElo "1528"]
[BlackElo "1445"]

1. Nf3 d5 2. c4 c6 3. d4 Nf6 4. Nc3 dxc4 5. e4 b5 6. a4 b4 7. e5 bxc3 8. exf6 cxb2
9. Bxb2 exf6 10. Bxc4 Bb4+ 11. Nd2 Qe7+ 12. Qe2 Bxd2+ 13. Kxd2 Qxe2+ 14. Kxe2
Ba6 15. Rac1 Bxc4+ 16. Rxc4 Kd7 17. Rhc1 Re8+ 18. Kd3 Na6 19. Ba3 Re6 20. R1c3
Nc7 21. Rb3 a6 22. Rb7 Kc8 23. Rcb4 Nb5 24. Rxf7 Nxa3 25. Rf8+ Kc7 26. Rxa8 Re1
27. Rb3 Ra1 28. Ra7+ Kd8 29. Rb8# 1-0

[Event "Druzynowe Mistrzostwa Polski Juniorow - II liga"]
[Site "Sypniewo k. Jastowia"]
[Date "2024-06-17"]
[Round "4.6"]
[White "Lechowska, Liliana"]
[Black "Tokarz, Gabriela"]
[Result "1/2-1/2"]
[WhiteTitle "II"]
[BlackTitle "I++"]
[WhiteElo "1558"]
[BlackElo "1911"]

1. Nf3 Nf6 2. g3 e6 3. Bg2 d5 4. O-O c5 5. d4 Nc6 6. c4 dxc4 7. dxc5 Qa5 8. Qc2
Bxc5 9. Qxc4 O-O 10. Nc3 Be7 11. Bg5 h6 12. Bxf6 Bxf6 13. Rfc1 Bd7 14. a3 Rac8
15. Qd3 Rfd8 16. b4 Qh5 17. Rab1 e5 18. Qe3 Nd4 19. Ne4 Rxc1+ 20. Rxc1 Bb5 21.
Nxf6+ gxf6 22. Nxd4 Rxd4 23. Bf3 Qg6 24. Bxb7 Kg7 25. Bg2 Qf5 26. f3 Qd7 27. g4
Rd2 28. Bf1 Ra2 29. Re1 a6 30. h4 Bc4 31. Rc1 Qb5 32. Kf2 Be6 33. h5 Qa4 34. Rc3
Ra1 35. Kg2 Qd1 36. Qf2 Qd2 37. Rd3 Qc1 38. Rd6 Qxa3 39. Rxe6 fxe6 40. Qa7+ Kf8
41. Qb8+ Ke7 42. Qc7+ Ke8 43. Qc8+ Ke7 44. Qc7+ 1/2-1/2

[Event "Druzynowe Mistrzostwa Polski Juniorow - II liga"]
[Site "Sypniewo k. Jastowia"]
[Date "2024-06-17"]
[Round "4.7"]
[White "Stepinski, Piotr"]
[Black "Wojdak, Jan"]
[Result "1-0"]
[WhiteTitle "I+"]
[BlackTitle "k+"]
[WhiteElo "1925"]
[BlackElo "2149"]

1. e4 c5 2. Nf3 e6 3. b3 b6 4. Bb2 Bb7 5. Nc3 Nc6 6. Qe2 d6 7. O-O-O Nge7 8. d4
cxd4 9. Nxd4 Nxd4 10. Rxd4 a6 11. Rd1 Ng6 12. Kb1 b5 13. h4 h5 14. g3 Qc7 15.
Bg2 b4 16. Na4 e5 17. Qe3 Rb8 18. Nb6 Bc6 19. Nc4 Bb5 20. Bf1 Be7 21. Be2 Rd8
22. Nb6 Bxe2 23. Nd5 Qc5 24. Qxe2 a5 25. c3 bxc3 26. Rc1 Qa7 27. Rxc3 Rd7 28.
Rhc1 Bd8 29. R3c2 Ne7 30. Nxe7 Bxe7 31. f4 O-O 32. Qxh5 Bf6 33. Qf3 a4 34. b4
a3 35. Qxa3 Qb7 36. Rc6 Rb8 37. Qb3 Kh7 38. a3 Qa7 39. Qf3 Kg8 40. h5 Rbd8 41.
h6 Be7 42. hxg7 Bf6 43. fxe5 Bxg7 44. exd6 Bxb2 45. Kxb2 Rxd6 46. Qg4+ Kf8 47.
Rxd6 Rxd6 48. Rc8+ Ke7 49. Qg5+ Rf6 50. e5 Kd7 51. exf6 Kxc8 52. Qc5+ 1-0

[Event "Druzynowe Mistrzostwa Polski Juniorow - II liga"]
[Site "Sypniewo k. Jastowia"]
[Date "2024-06-17"]
[Round "4.8"]
[White "Wierzbicki, Dawid"]
[Black "Gawlik, Olivier"]
[Result "1-0"]
[WhiteTitle "I"]
[BlackTitle "I"]
[WhiteElo "1948"]
[BlackElo "1765"]

1. d4 d6 2. c4 e5 3. Nc3 exd4 4. Qxd4 Nc6 5. Qd1 Be6 6. e4 g6 7. Nf3 Bg7 8. Be2
Qd7 9. Be3 Nge7 10. Nd4 O-O 11. O-O Nxd4 12. Bxd4 Nc6 13. Bxg7 Kxg7 14. Nd5 f5
15. exf5 Bxf5 16. b4 Rae8 17. b5 Nd8 18. Qd4+ Kf7 19. Nf6 Ne6 20. Qb2 Qe7 21.
Nxe8 Rxe8 22. Bf3 Nf4 23. Qd4 Qh4 24. Kh1 g5 25. Rae1 Rxe1 26. Rxe1 Nd3 27. Bd5+
Kg6 28. Qxh4 gxh4 29. Re7 Nc5 30. Rxc7 Bd3 31. f3 a5 32. b6 a4 33. Bxb7 Bxc4 34.
Rxc5 1-0

[Event "Druzynowe Mistrzostwa Polski Juniorow - II liga"]
[Site "Sypniewo k. Jastowia"]
[Date "2024-06-17"]
[Round "4.9"]
[White "Haladaj, Adam"]
[Black "Oles, Mateusz"]
[Result "1/2-1/2"]
[WhiteTitle "I"]
[BlackTitle "I"]
[WhiteElo "1873"]
[BlackElo "1771"]

1. e4 c5 2. Nf3 e6 3. d4 cxd4 4. Nxd4 Nf6 5. Nc3 Nc6 6. Nxc6 bxc6 7. e5 Nd5 8.
Ne4 Qa5+ 9. c3 Ba6 10. Bd3 Bxd3 11. Qxd3 f5 12. exf6 Nxf6 13. Nxf6+ gxf6 14. Be3
Qh5 15. f3 Qg6 16. Qe2 Rg8 17. g3 Bh6 18. O-O-O Bxe3+ 19. Qxe3 Qg5 20. f4 Qa5
21. a3 Rg7 22. Rd6 Qb6 23. Qd2 f5 24. Rd1 O-O-O 25. Qe2 Qa5 26. Qc4 Qb6 27. Qe2
Qa5 28. R1d4 Kc7 29. Qd1 Re7 30. Rc4 Rb8 31. Rcd4 Rd8 32. Qd3 Qb6 33. Kb1 Qa5
34. Ka2 a6 35. Rc4 Rb8 36. Rcd4 Rd8 37. Qd1 e5 38. fxe5 Qxe5 39. Qd3 Qb5 40. Qd2
a5 41. c4 Qc5 42. Qf4 Qe5 43. Qd2 Qc5 44. Qd3 Qe5 45. Qd2 Qc5 46. Qf4 Qe5 47.
Rf6 Qxf4 48. Rxf4 Re2 49. Rf3 a4 50. Rf1 Rb8 51. Rb1 Rxh2 52. Rxf5 Kb6 1/2-1/2

[Event "Druzynowe Mistrzostwa Polski Juniorow - II liga"]
[Site "Sypniewo k. Jastowia"]
[Date "2024-06-17"]
[Round "4.10"]
[White "Seemann, Adam"]
[Black "Smejda, Hubert"]
[Result "1/2-1/2"]
[WhiteTitle "II"]
[BlackTitle "II"]
[WhiteElo "1596"]
[BlackElo "1537"]

1. e4 c5 2. Nf3 g6 3. d4 cxd4 4. Nxd4 Nc6 5. Nc3 Bg7 6. Be3 Nf6 7. Bc4 Qa5 8. f3
Qb4 9. Bb3 Nxe4 10. fxe4 Bxd4 11. Bxd4 Qxd4 12. Qxd4 Nxd4 13. O-O Rf8 14. Nd5
Kd8 15. c3 Nxb3 16. axb3 a6 17. Nb6 Rb8 18. c4 d6 19. b4 Be6 20. Rfd1 Kc7 21.
Nd5+ Bxd5 22. Rxd5 Rbd8 23. Rda5 f5 24. exf5 Rxf5 25. Re1 Rxa5 26. bxa5 e5 27.
Rf1 Kc6 28. b4 Rd7 29. Rf6 b6 30. axb6 Kxb6 31. c5+ Kc6 32. cxd6 Rxd6 33. Rf7
Rd7 34. Rf6+ Kb5 35. Kf2 Rd4 36. Re6 e4 37. Ke3 Rxb4 38. Re7 Ka4 39. Rxh7 a5 40.
Ra7 Rc4 41. Ra6 Kb4 42. Rxg6 a4 43. Rb6+ Kc3 44. Ra6 Rb4 45. g4 Kb2 46. g5 a3
47. g6 a2 48. h4 Rb3+ 49. Kxe4 Ra3 50. Rxa3 Kxa3 51. g7 a1=Q 52. g8=Q 1/2-1/2

[Event "Druzynowe Mistrzostwa Polski Juniorow - II liga"]
[Site "Sypniewo k. Jastowia"]
[Date "2024-06-17"]
[Round "4.11"]
[White "Banasiak, Adrianna"]
[Black "Seemann, Pola"]
[Result "0-1"]
[WhiteTitle "I+"]
[BlackTitle "k"]
[WhiteElo "1774"]
[BlackElo "1935"]

1. d4 d5 2. c4 e6 3. Nf3 Nf6 4. Nc3 Be7 5. Bf4 O-O 6. e3 b6 7. cxd5 Nxd5 8. Nxd5
Qxd5 9. Bxc7 Bb4+ 10. Nd2 Nc6 11. a3 Bxd2+ 12. Qxd2 Na5 13. Rb1 Nb3 14. Qd3 Bb7
15. Qc4 Rfc8 16. Qxd5 Bxd5 17. Bf4 Be4 18. Rd1 Bc2 19. Be2 Bxd1 20. Bxd1 Na5 21.
O-O Rc1 22. e4 Rc4 23. Be3 Rd8 24. Bf3 Nc6 25. d5 Ne5 26. Rd1 Nxf3+ 27. gxf3 exd5
28. exd5 Kf8 29. Rd3 f6 30. b3 Rh4 31. Kg2 Ke7 32. a4 Rh5 33. a5 Rhxd5 34. Rxd5
Rxd5 35. axb6 axb6 36. Bxb6 Rb5 37. Bd4 Rxb3 38. Kg3 Ke6 39. Be3 Kf5 40. f4 Ke4
41. Kg4 g6 42. h3 Rxe3 43. fxe3 Kxe3 44. Kh4 Kf3 45. f5 gxf5 46. Kh5 Kg3 47. h4
f4 48. Kh6 Kxh4 49. Kxh7 f3 50. Kh6 f2 51. Kh7 f1=Q 52. Kh8 Kg5 53. Kg7 Qa6 54.
Kh8 Kg6 55. Kg8 Qa8# 0-1

[Event "Druzynowe Mistrzostwa Polski Juniorow - II liga"]
[Site "Sypniewo k. Jastowia"]
[Date "2024-06-17"]
[Round "4.12"]
[White "Pierchala, Emilia"]
[Black "Grad, Barbara"]
[Result "1-0"]
[WhiteTitle "II"]
[BlackTitle "II"]
[WhiteElo "1406"]
[BlackElo "1509"]

1. e4 e5 2. Nf3 Nc6 3. Bc4 Bc5 4. c3 Nf6 5. b4 Be7 6. d3 O-O 7. Nbd2 d5 8. Bb3
a6 9. O-O dxe4 10. dxe4 Qd3 11. Qc2 Qxc2 12. Bxc2 Be6 13. Bb2 Rfd8 14. Rfd1 h6
15. a3 Nh5 16. Bb3 Bxb3 17. Nxb3 Nf4 18. c4 Bf6 19. g3 Nh3+ 20. Kg2 Ng5 21. Nxg5
Bxg5 22. b5 axb5 23. cxb5 Nd4 24. Nxd4 exd4 25. Rxd4 Rxd4 26. Bxd4 Ra4 27. Be5
Rxe4 28. Bxc7 Bf6 29. Ra2 Ra4 30. Bd6 Kh7 31. Re2 Kg6 32. f3 b6 33. Re4 Ra7 34.
h4 Rd7 35. Bb4 Ra7 36. Kh3 Ra4 37. Re3 Kf5 38. Kg2 Kg6 39. Rd3 Be5 40. f4 Bc7
41. Kf3 Ra8 42. Rd7 Bd8 43. Kg2 Kf6 44. Rd6+ Kf5 45. Kf3 f6 46. g4+ Kg6 47. h5+
Kh7 48. Rd7 Kg8 49. Ke4 Kh8 50. Kf5 Kh7 51. Bf8 Kg8 52. Bxg7 1-0

[Event "Druzynowe Mistrzostwa Polski Juniorow - II liga"]
[Site "Sypniewo k. Jastowia"]
[Date "2024-06-17"]
[Round "4.13"]
[White "Rekuc, Patryk"]
[Black "Podgorski, Jakub"]
[Result "1-0"]
[WhiteTitle "I+"]
[BlackTitle "II"]
[WhiteElo "2076"]
[BlackElo "1685"]

1. Nf3 d5 2. d4 Nf6 3. c4 c6 4. e3 Bf5 5. Nc3 e6 6. Be2 h6 7. O-O Be7 8. b3 Nbd7
9. Bb2 O-O 10. h3 Re8 11. Bd3 Bxd3 12. Qxd3 Bd6 13. e4 Nxe4 14. Nxe4 dxe4 15.
Qxe4 Qc7 16. Rfe1 Re7 17. Qc2 c5 18. dxc5 Bxc5 19. Qc3 f6 20. Rad1 Qb6 21. Re2
e5 22. Qc2 Nf8 23. Nh4 Ne6 24. Nf5 Rf7 25. Red2 Re8 26. Rd7 Rd8 27. Rxd8+ Nxd8
28. Bc1 Ne6 29. Be3 Nd4 30. Bxd4 Bxd4 31. Nxd4 exd4 32. Qe4 Rf8 33. Rxd4 Qc7 34.
g3 b6 35. Kg2 a5 36. Qe6+ Qf7 37. Qxb6 f5 38. Qxa5 Kh8 39. Qd5 Qa7 40. a4 Qb8
41. c5 f4 42. Rxf4 Rxf4 43. gxf4 Qxf4 44. c6 Qc7 45. a5 g5 46. b4 Qf4 47. b5 g4
48. Qd8+ 1-0

[Event "Druzynowe Mistrzostwa Polski Juniorow - II liga"]
[Site "Sypniewo k. Jastowia"]
[Date "2024-06-17"]
[Round "4.14"]
[White "Klisowski, Bartosz"]
[Black "Krol, Jan"]
[Result "0-1"]
[WhiteTitle "I+"]
[BlackTitle "I+"]
[WhiteElo "1864"]
[BlackElo "2002"]

1. d4 Nf6 2. Nf3 e6 3. g3 d5 4. Bg2 c5 5. O-O Nc6 6. c4 Be7 7. Nc3 dxc4 8. Qa4
O-O 9. dxc5 Bd7 10. Qxc4 Qa5 11. Be3 Nb4 12. Rad1 Nbd5 13. Nxd5 exd5 14. Qb3 Qa6
15. Ne5 Ba4 16. Qa3 Bxd1 17. Qxa6 bxa6 18. Rxd1 Rac8 19. c6 Rfe8 20. Bxa7 Bc5
21. Bxc5 Rxe5 22. Bd6 Rxe2 23. c7 Ne8 24. Rxd5 Nxd6 25. Rxd6 Kf8 26. Rd8+ Re8
27. Rxc8 Rxc8 28. Bb7 Rxc7 29. Bxa6 Rc2 30. b3 Rxa2 31. Bc4 Rb2 32. Kg2 Ke7 33.
Kf3 f5 34. h4 Kf6 35. h5 Kg5 36. Bf7 Rc2 37. Kg2 Rc7 38. Bg8 h6 39. Bh7 Rb7 40.
Bg6 Rxb3 41. f3 f4 42. g4 Kh4 43. Be4 Rb2+ 44. Kf1 Kg3 45. Ke1 Rf2 0-1